Представление документа в формате RUSMARC

ПолеНазваниеЗначение
  Тип записи a
  Библиографический уровень c
001 Контрольный номер RU/IS/BASE/297941645
005 Дата корректировки 20240122164015.8
010 Индекс ISBN __
d Цена 1-50
101 Язык документа 0_
a Язык текста rus
200 Заглавие и сведения об ответственности 1_
a Заглавие Лебедушка
e Сведения, относящиеся к заглавию рус. волшеб. сказки
f Первые сведения об ответственности рис. И. Кузнецова
b Общее обозначение материала Текст
210 Выходные данные 1_
a Место издания М.
c Издательство Дет. лит.
d Дата издания 1986
215 Физическое описание __
a Объем 159 с.
c Иллюстрации/тип воспроизводства ил.
606 Тематические рубрики __
a Основная рубрика Фольклор
606 Тематические рубрики __
a Основная рубрика Фольклор России
610 Ключевые слова 0_
a Ключевые слова детская литература; сказки; волшебные сказки
686 Индексы других классификаций __
a Классификационный индекс 84.2
702 Вторичная интеллектуальная ответственность _1
a Фамилия Кузнецов
b Имя И.
4 Код отношения Художник
801 Источник записи _0
a Страна RU
b Организация Муниципальное бюджетное учреждение культуры "Централизованная библиотечная система" г. Сургут (Центральная городская библиотека им. А. С. Пушкина)
g Правила каталогизации КиК/Уланова
801 Источник записи _1
a Страна RU
b Организация Муниципальное бюджетное учреждение культуры "Централизованная библиотечная система" г. Сургут (Центральная городская библиотека им. А. С. Пушкина)
g Правила каталогизации КиК/Уланова
852 Данные о местонахождении __
j Шифр хранения 84.2
i Авторский знак Л 33
p Инвентарный номер 32994
901 Тип документа __
t Тип документа x
903 Характеристики (МАРС) __
a Дата передачи 20090610
969 Тип издания __
a Тип издания сборник
990 Данные о заказе (DOS) __
j Количество экземпляров (DOS) 1
t N записи в КСУ для И/У (DOS) ретро 2